[Event "Turning Torso Chess Event 2021"]
[Site "Malmoe"]
[Date "2021.08.21"]
[Round "5.2"]
[White "Blomqvist, Erik"]
[Black "Pantzar, Milton"]
[Result "0-1"]
[WhiteElo "2537"]
[BlackElo "2424"]
[Annotator "TA"]
[PlyCount "88"]
[EventDate "2021.08.20"]
[EventType "tourn"]
[EventCountry "SWE"]
[SourceTitle "playchess.com"]
[Source "ChessBase"]
[SourceQuality "1"]

{[%evp 13,88,20,28,26,29,24,20,19,25,23,29,14,30,26,46,46,41,42,34,33,35,29,70,
10,35,0,14,0,0,0,0,-31,23,25,26,14,62,-4,57,18,98,48,84,53,48,46,87,13,143,151,
160,152,170,160,172,153,157,141,147,159,135,43,91,0,0,-30,0,-15,-28,-25,0,0,0,
-160,-142,-127,-100]} 1. e4 c6 2. d4 d5 3. exd5 cxd5 4. Bd3 Nc6 5. c3 Qc7 6. h3
Nf6 7. Nf3 g6 8. Qc2 {B13: Caro-Kann: Exchange Variation and Panov-Botvinnik
Attack.} Nh5 9. O-O Nf4 10. Bb5 {The position is equal.} Bg7 11. Re1 O-O 12.
Be3 a6 13. Bf1 {[#]} Re8 $146 ({Predecessor:} 13... Bf5 14. Qd2 Ne6 15. Qc1
Bxb1 16. Rxb1 b5 17. g3 Bf6 18. Nh2 h5 19. g4 hxg4 20. hxg4 {1/2-1/2 (40)
Weishaeutel,M (2222)-Goldbeck,L (2273) Berlin 2020}) 14. Qd2 Nh5 15. Na3 Bd7
16. Nc2 Rad8 17. Bh6 Bh8 18. Re3 (18. Ne3 $14) 18... Nf6 19. Nce1 Ne4 20. Qd1
f6 21. Nd3 Bf5 22. Bf4 Qc8 (22... e5 $15 23. Bh2 Qf7) 23. Bh2 $11 g5 24. Nd2
Nd6 25. Qf3 (25. Qb3 $14) 25... e6 ({Black should play} 25... Nf7 $1 $11) 26.
Rae1 {[#] Strongly threatening Bxd6.} (26. Bxd6 $5 Rxd6 27. Rae1 $14) 26... Ne4
(26... Nf7 $1 $11) 27. Qd1 {[%cal Rd2e4]} b6 28. Nxe4 dxe4 29. Nc1 b5 {[#]} 30.
a4 $1 $36 {[%mdl 2048] White is more active.} b4 (30... e5 $1 $11) 31. Nb3 $16
e5 32. d5 Ne7 {[%cal Bc6e7,Be7f5,Bf5d4][%mdl 32]} 33. c4 Bg7 34. Nd2 Bg6 35.
Nxe4 Nf5 36. Rb3 a5 37. Nd2 (37. Rd3 $16) 37... Qd7 38. Bd3 (38. g4 $16 Nd4 39.
Rd3) 38... Qxa4 $11 39. Qb1 Nd4 40. Bxg6 hxg6 41. Rd3 f5 42. b3 Qd7 43. Qa2 $2
(43. f3 $11) 43... e4 $17 44. Rde3 Ra8 {What a bad dream for White.  Weighted
Error Value: White=0.23/Black=0.21} 0-1

[Event "Turning Torso Chess Event 2021"]
[Site "Malmoe"]
[Date "2021.08.21"]
[Round "8.3"]
[White "Grandelius, Nils"]
[Black "Westerberg, Jonathan"]
[Result "1-0"]
[WhiteElo "2666"]
[BlackElo "2526"]
[Annotator "TA"]
[PlyCount "73"]
[EventDate "2021.08.20"]
[EventType "tourn"]
[EventCountry "SWE"]
[SourceTitle "playchess.com"]
[Source "ChessBase"]
[SourceQuality "1"]

{[%evp 9,73,17,106,98,97,16,48,45,51,48,41,31,40,41,40,35,40,37,47,47,47,41,47,
40,45,41,46,39,35,32,44,35,68,68,67,65,72,49,53,54,138,126,158,154,220,220,219,
210,239,220,221,243,513,506,530,515,572,561,1566,1900,1549,1265,12840,12840,
12839,12839]} 1. c4 c6 2. Nf3 d5 3. g3 Nf6 4. Bg2 Bg4 5. Ne5 e6 (5... Bf5 $11)
6. Nxg4 {A11: English Opening: 1...c6.} Nxg4 {[#]} 7. O-O ({White should try}
7. cxd5 $1 $16 exd5 8. e4) 7... Nf6 8. d4 {White is slightly better.} Nbd7 9.
Nd2 Be7 {[#]} 10. e4 $146 ({Predecessor:} 10. Qc2 O-O 11. e4 dxe4 12. Nxe4 Nxe4
13. Qxe4 Nf6 14. Qd3 Qb6 15. Be3 Rfd8 16. Rfd1 {0-1 (39) Claridge Hansen,W
(2290)-Chow,S (2345) Chess.com INT 2020}) 10... dxe4 11. Nxe4 Nxe4 12. Bxe4 Nf6
13. Bf3 Qc7 14. Bf4 Bd6 15. Bg5 Be7 16. Qb3 O-O 17. Rfd1 Rad8 18. Bf4 Bd6 19.
Be3 b6 20. Rd2 e5 21. c5 bxc5 22. dxc5 Be7 23. Rad1 e4 {[#] Hoping for ...Rxd2.
} 24. Bg2 $36 {[%mdl 2048] White is more active.} Rb8 (24... Rxd2 $14 25. Rxd2
Qa5) 25. Qc2 $16 Nd5 26. Qxe4 ({Resist} 26. Bxe4 $6 Nxe3 27. fxe3 (27. Bxh7+
Kh8 $14) 27... Qe5 $14) 26... Nxe3 (26... Rbe8 $16 {might work better.}) 27.
Qxe3 $18 {And now Rd7 would win.} Bf6 28. Rd7 Qa5 29. Bxc6 Rbc8 30. Bd5 Kh8 $2
(30... Qxc5 31. Qxc5 Rxc5) 31. c6 {White is clearly winning.} Bxb2 32. Rxa7 Qd8
33. Qf3 Qg5 34. Rxf7 Rxf7 35. Qxf7 Qe5 36. Be6 Ra8 37. c7 {Weighted Error
Value: White=0.10/Black=0.35} 1-0

[Event "Turning Torso Chess Event 2021"]
[Site "Malmoe"]
[Date "2021.08.21"]
[Round "2.2"]
[White "Blomqvist, Erik"]
[Black "Smith, Axel"]
[Result "1-0"]
[WhiteElo "2537"]
[BlackElo "2451"]
[Annotator "TA"]
[PlyCount "65"]
[EventDate "2021.08.20"]
[EventType "tourn"]
[EventCountry "SWE"]
[SourceTitle "playchess.com"]
[Source "ChessBase"]
[SourceQuality "1"]

{[%evp 10,65,22,28,29,17,24,20,29,27,30,31,21,44,22,7,9,17,18,7,13,8,22,29,17,
23,35,2,10,15,29,30,66,18,81,16,92,67,68,53,81,79,79,64,79,81,100,46,48,44,53,
41,762,762,5585,5573,29993,747]} 1. e4 c5 2. Nf3 g6 3. c3 Bg7 4. d4 cxd4 5.
cxd4 d5 6. e5 Nh6 {B27: Sicilian: 2 Nf3, unusual Black 2nd moves.} 7. Bb5+ Bd7
8. Bxd7+ Qxd7 {The position is equal.} 9. O-O O-O 10. Nc3 Nc6 11. Re1 e6 12.
Bf4 f6 {[#]} 13. exf6 $146 ({Predecessor:} 13. Qd2 Nf7 14. exf6 Bxf6 15. Rad1
Rae8 16. h4 Qd8 17. Bg3 Nd6 18. b3 Nf5 19. Qf4 Nfxd4 {0-1 (36) Meirelles,O
(1785)-Leao,B (1682) Ribeirao Preto 2015}) 13... Rxf6 {[#]} 14. Ne5 $1 Nxe5 15.
Bxe5 Rf7 16. Bxg7 Kxg7 17. Qe2 Rf6 18. Rad1 Raf8 19. f3 Nf5 20. Qe5 Nd6 21. Re2
a6 (21... Nf7 $11 22. Qe3 Nd6) 22. Rde1 ({Better is} 22. b3 $16) 22... Kg8 (
22... Rc8 $11 {keeps the balance.}) 23. Nd1 Nc4 24. Qg5 Qg7 25. b3 Nd6 26. Nf2
Rf5 27. Qd2 Nb5 28. Rxe6 (28. Rd1 $16) 28... Qxd4 $14 29. Qh6 Nc3 30. Re7 {
[%csl Ge7][%cal Rh6h7]} R5f7 {[%mdl 8192]} (30... Rh5 $14 31. Qe3 Qxe3 32.
R1xe3 d4) 31. Rxf7 $18 {[%mdl 64] [#] Overworked Piece} Kxf7 32. Qxh7+ Kf6 33.
Qe7+ {[%mdl 64] Double Attack.  Weighted Error Value: White=0.13/Black=0.38}
1-0

[Event "Turning Torso Chess Event 2021"]
[Site "Malmoe"]
[Date "2021.08.21"]
[Round "5.3"]
[White "Grandelius, Nils"]
[Black "Hellers, Ferdinand"]
[Result "1/2-1/2"]
[WhiteElo "2666"]
[BlackElo "2592"]
[Annotator "TA"]
[PlyCount "90"]
[EventDate "2021.08.20"]
[EventType "tourn"]
[EventCountry "SWE"]
[SourceTitle "playchess.com"]
[Source "ChessBase"]
[SourceQuality "1"]

{[%evp 18,90,19,19,17,12,18,13,17,17,26,20,6,0,0,-3,-4,-37,-6,-52,-32,-24,-18,
-48,-21,-27,-29,-63,-70,-58,-58,-68,-72,-73,-58,-52,-17,-141,-133,-165,0,0,0,0,
0,0,0,0,0,0,0,0,0,0,0,0,16,10,115,37,101,19,106,124,174,0,0,0,0,0,0,0,0,0,0]}
1. c4 f5 2. Nc3 Nf6 3. g3 g6 4. Bg2 Bg7 5. d3 O-O 6. e4 d6 7. Nge2 Nc6 8. O-O
e5 9. Nd5 Be6 10. Bg5 Qd7 {A26: English Opening vs King's Indian with ...Nc6
and d3.} 11. Qd2 Nh5 12. exf5 Bxf5 13. Rae1 Rae8 14. b4 Nd8 {[#]} 15. Bxd8 $146
({Predecessor:} 15. Be3 c6 16. Ndc3 a6 17. a4 Nf7 18. b5 axb5 19. axb5 Bh3 20.
bxc6 bxc6 21. Ra1 Bxg2 22. Kxg2 {1/2-1/2 (42) Talla,V (2409)-Rasik,V (2464)
Ostrava 2005}) 15... Rxd8 16. b5 c6 17. Ndc3 Bh3 18. Qe3 Bxg2 19. Kxg2 d5 20.
Qxa7 {[#]} Nf4+ $1 21. gxf4 Qg4+ 22. Ng3 exf4 {[%mdl 64] Pin, Discovered Attack
} 23. f3 Qg5 {[%mdl 64] Pin} 24. Nce2 fxg3 25. hxg3 dxc4 26. dxc4 Rd2 {...Re8
is the strong threat.} 27. Rf2 (27. Qxb7 $11 Re8 28. Qxc6) 27... cxb5 $17 28.
cxb5 Qxb5 (28... Qe7 $1 $19 {And now ...Bd4! would win.} 29. Qa4 Bd4 $1 {
[%mdl 512]} 30. Qc4+ Kh8) 29. Qe3 $11 Qd7 30. Nf4 Rxf2+ 31. Qxf2 Re8 32. Rxe8+
Qxe8 33. Qc2 Bf6 34. Qb3+ Qf7 35. Ne6 h5 36. a4 h4 37. g4 Kh8 (37... g5 $11)
38. Qd5 ({White should play} 38. Qe3 $1 $16) 38... Be7 (38... g5 $1 $14) 39.
Kh3 ({White should try} 39. Qe5+ $16 Bf6 40. Qd5) 39... Qf6 {[#]} (39... g5 $11
{keeps the balance.}) 40. g5 $1 $16 {[%cal Rg5f6]} Qc3 {[#] intending ...Qe3.}
41. Qxb7 $2 (41. Nf4 $1 $18 {[%cal Rf4g6]} Kh7 42. Qe4 (42. Kxh4 Qe1+ 43. Kh3
Qh1+ 44. Kg3 Qg1+ 45. Ng2 Qc5 $18) (42. Qf7+ Qg7 $16)) 41... Qe5 $11 {[%csl
Gh4][%cal Re5g3][%mdl 64] Double Attack. The position is equal.} 42. Qc8+ Kh7 {
[%csl Gh4][%cal Re5g3]} 43. f4 Qe3+ 44. Kxh4 Qf2+ 45. Kh3 Qf3+ {Weighted Error
Value: White=0.21/Black=0.23} 1/2-1/2

[Event "Turning Torso Chess Event 2021"]
[Site "Malmoe"]
[Date "2021.08.21"]
[Round "8.4"]
[White "Brynell, Stellan"]
[Black "Pantzar, Milton"]
[Result "0-1"]
[WhiteElo "2422"]
[BlackElo "2424"]
[Annotator "ChessBase"]
[PlyCount "102"]
[EventDate "2021.08.20"]
[EventType "tourn"]
[EventCountry "SWE"]
[SourceTitle "playchess.com"]
[Source "ChessBase"]
[SourceQuality "1"]
[TimeControl "900+5"]

1. d4 {[%emt 0:00:03]} d5 {[%emt 0:00:10]} 2. c4 {[%emt 0:00:03]} e6 {[%emt 0:
00:02]} 3. Nf3 {[%emt 0:00:03]} Nf6 {[%emt 0:00:08]} 4. Nc3 {[%emt 0:00:07]} h6
{[%emt 0:00:14]} 5. g3 {[%emt 0:01:09]} Bd6 {[%emt 0:00:03]} 6. Bg2 {[%emt 0:
00:04]} O-O {[%emt 0:00:08]} 7. O-O {[%emt 0:00:06]} Nc6 {[%emt 0:00:06]} 8.
cxd5 {[%emt 0:00:39]} exd5 {[%emt 0:00:04]} 9. Nb5 {[%emt 0:00:05]} Re8 {
[%emt 0:00:52]} 10. Nxd6 {[%emt 0:00:14]} cxd6 {[%emt 0:00:03]} 11. Bf4 {
[%emt 0:00:22]} Bf5 {[%emt 0:00:34]} 12. Rc1 {[%emt 0:00:47]} Qd7 {[%emt 0:00:
16]} 13. Re1 {[%emt 0:00:35]} a5 {[%emt 0:02:34]} 14. a3 {[%emt 0:02:20]} a4 {
[%emt 0:00:32]} 15. b3 {[%emt 0:01:50]} axb3 {[%emt 0:01:14]} 16. Qxb3 {
[%emt 0:00:02]} Na5 {[%emt 0:00:03]} 17. Qb4 {[%emt 0:00:52]} Nc4 {[%emt 0:01:
15]} 18. Ra1 {[%emt 0:00:02]} Ra4 {[%emt 0:01:16]} 19. Qb3 {[%emt 0:00:02]}
Rea8 {[%emt 0:00:17]} 20. Bc1 {[%emt 0:00:17]} b5 {[%emt 0:01:11]} 21. Nd2 {
[%emt 0:00:04]} Ne4 {[%emt 0:00:20]} 22. Nxc4 {[%emt 0:00:30]} dxc4 {[%emt 0:
00:50]} 23. Qe3 {[%emt 0:00:07]} d5 {[%emt 0:00:05]} 24. f3 {[%emt 0:00:19]}
Nf6 {[%emt 0:00:30]} 25. Bd2 {[%emt 0:00:08]} Re8 {[%emt 0:01:09]} 26. Qf2 {
[%emt 0:00:48]} Ra6 {[%emt 0:00:40]} 27. Bb4 {[%emt 0:00:12]} Rae6 {[%emt 0:00:
06]} 28. Rac1 {[%emt 0:00:34]} Qa7 {[%emt 0:00:52]} 29. Rc3 {[%emt 0:01:43]}
Bd3 {[%emt 0:00:05]} 30. Bf1 {[%emt 0:00:10]} h5 {[%emt 0:00:29]} 31. Rcc1 {
[%emt 0:00:28]} Bf5 {[%emt 0:00:09]} 32. Rc3 {[%emt 0:00:03]} Nd7 {[%emt 0:00:
33]} 33. h3 {[%emt 0:01:13]} Bg6 {[%emt 0:00:44]} 34. h4 {[%emt 0:00:06]} Bf5 {
[%emt 0:00:02]} 35. Kh2 {[%emt 0:00:05]} Nf6 {[%emt 0:00:10]} 36. Bh3 {[%emt 0:
00:10]} Bxh3 {[%emt 0:00:01]} 37. Kxh3 {[%emt 0:00:01]} Nd7 {[%emt 0:00:08]}
38. Kg2 {[%emt 0:00:17]} Nb8 {[%emt 0:00:02]} 39. e3 {[%emt 0:00:26]} Nc6 {
[%emt 0:00:06]} 40. Bc5 {[%emt 0:00:01]} Qa5 {[%emt 0:00:11]} 41. Qb2 {[%emt 0:
00:17]} Rg6 {[%emt 0:00:05]} 42. Kf2 {[%emt 0:00:06]} Qc7 {[%emt 0:00:02]} 43.
Rg1 {[%emt 0:00:01]} Rb8 {[%emt 0:00:03]} 44. Rcc1 {[%emt 0:00:17]} Qd7 {
[%emt 0:00:03]} 45. Qc2 {[%emt 0:00:24]} Rf6 {[%emt 0:00:02]} 46. Rb1 {[%emt 0:
00:06]} Nd8 {[%emt 0:00:04]} 47. Bb4 {[%emt 0:00:07]} Ra8 {[%emt 0:00:03]} 48.
Rbe1 {[%emt 0:00:15]} Raa6 {[%emt 0:00:03]} 49. e4 {[%emt 0:00:15]} dxe4 {
[%emt 0:00:14]} 50. Rxe4 {[%emt 0:00:02]} Rae6 {[%emt 0:00:08]} 51. Rxe6 {
[%emt 0:00:15]} Nxe6 {[%emt 0:00:04]} 0-1

[Event "Turning Torso Chess Event 2021"]
[Site "Malmoe"]
[Date "2021.08.21"]
[Round "2.3"]
[White "Pantzar, Milton"]
[Black "Hector, Jonny"]
[Result "1-0"]
[WhiteElo "2424"]
[BlackElo "2465"]
[Annotator "TA"]
[PlyCount "123"]
[EventDate "2021.08.20"]
[EventType "tourn"]
[EventCountry "SWE"]
[SourceTitle "playchess.com"]
[Source "ChessBase"]
[SourceQuality "1"]

{[%evp 9,123,14,18,6,56,31,53,36,83,17,47,53,55,48,55,52,58,60,65,56,81,74,81,
62,83,70,99,65,92,73,140,135,140,156,125,133,131,118,163,156,164,150,250,239,
247,250,384,390,379,390,379,354,559,552,560,551,545,267,261,272,252,259,411,
393,410,402,402,279,578,510,470,360,368,358,372,375,350,348,581,581,562,550,
512,482,518,494,654,483,847,837,819,789,745,716,5941,5670,2104,1650,868,567,
475,460,404,359,29978,29979,29977,29978,29981,29982,29983,29981,29986,29987,
29987,29988]} 1. d4 d5 2. c4 c6 3. Nf3 Nf6 4. g3 Bf5 5. Nc3 e6 6. Nh4 {D11:
Slav Defence: 3 Nf3 sidelines and 3...Nf6 4 e3 Bg4.} Bb4 7. Nxf5 exf5 {[#]} 8.
Qb3 $146 {White is slightly better.} ({Predecessor:} 8. Bg5 Nbd7 9. Bg2 dxc4
10. O-O O-O 11. Qc2 g6 12. d5 Bxc3 13. Qxc3 cxd5 14. h4 {1/2-1/2 (23) Finckh,K
(1427)-Greuter,T Neumarkt am Wallersee 2010}) 8... Qe7 9. Bg5 (9. Bh3 $16) 9...
Bxc3+ 10. bxc3 dxc4 11. Bxf6 cxb3 12. Bxe7 {Strongly threatening Ba3.} Kxe7 13.
axb3 Nd7 14. e3 Rhc8 15. Bd3 {White now steadily converts the win.} g6 16. Kd2
Nf6 17. f3 Kf8 18. e4 fxe4 19. fxe4 c5 (19... a5 $142) 20. Rhf1 $16 Kg7 {[#]}
21. e5 $1 Nd7 22. Bc4 Rf8 23. Ke3 cxd4+ 24. cxd4 a6 25. Bd5 Rab8 {[#]} (25...
f6 $16 26. Rfc1 (26. Bxb7 Ra7 $16) 26... fxe5) 26. Rac1 $1 $18 Nb6 27. Be4 Rfd8
(27... Rfc8 $142 28. Kd3 Rd8) 28. Rc7 Rd7 29. Rxd7 Nxd7 {[%mdl 4096] Endgame
KRB-KRN} 30. Rc1 b5 (30... Nf8 {might work better.} 31. Rc7 Ne6 32. Rxb7 Rxb7
33. Bxb7 a5) 31. Rc7 Nb6 32. e6 Rf8 33. Rc6 (33. Kf4 $142) 33... Nc8 34. Rxa6
fxe6 35. Rxe6 Rd8 (35... Rf6 $142 36. Re5 Rf1) 36. d5 Nd6 37. Kd4 Kf7 38. Ke5
Nc8 (38... Nxe4 {keeps fighting.} 39. Kxe4 Rc8) 39. Rf6+ Ke7 40. Rc6 Nd6 41.
Bd3 Rd7 42. Rb6 Nf7+ 43. Kd4 Ng5 $2 (43... Nd6 {was worth a try.} 44. Bxb5 Rd8)
44. Bxb5 Rd6 45. Rb7+ Kf6 46. Bc4 Rd8 47. h4 Nf3+ 48. Kc5 h5 (48... Rc8+ $142
49. Kb4 Ke5 50. Re7+ Kd4) 49. d6 Ne5 50. Kd5 Nf7 51. Rb6 Nh6 52. d7+ Ke7 53.
Rxg6 Rxd7+ 54. Kc6 {Threatens to win with Rg7+.} Nf5 55. Re6+ Kd8 {intending ..
.Nd4+.} 56. Re5 Nxg3 (56... Ne7+ $18 57. Kb5 Rb7+ 58. Ka6 Rb8 59. Rxh5 Kc7) 57.
Rg5 {White mates.} Rc7+ 58. Kb6 Re7 59. Rxg3 Re4 60. Kc6 Rxh4 61. Kd6 {[%cal
Rg3g8]} Rd4+ 62. Bd5 {[%cal Rg3g8] Weighted Error Value: White=0.24/Black=0.42}
1-0

[Event "Turning Torso Chess Event 2021"]
[Site "Malmoe"]
[Date "2021.08.21"]
[Round "5.4"]
[White "Smith, Axel"]
[Black "Brynell, Stellan"]
[Result "1-0"]
[WhiteElo "2451"]
[BlackElo "2422"]
[Annotator "ChessBase"]
[PlyCount "89"]
[EventDate "2021.08.20"]
[EventType "tourn"]
[EventCountry "SWE"]
[SourceTitle "playchess.com"]
[Source "ChessBase"]
[SourceQuality "1"]
[TimeControl "900+5"]

1. e4 {[%emt 0:00:01]} e6 {[%emt 0:00:09]} 2. d4 {[%emt 0:00:01]} d5 {[%emt 0:
00:02]} 3. exd5 {[%emt 0:00:01]} exd5 {[%emt 0:00:01]} 4. Nf3 {[%emt 0:00:01]}
Bd6 {[%emt 0:00:10]} 5. c4 {[%emt 0:00:01]} Nf6 {[%emt 0:00:09]} 6. c5 {
[%emt 0:00:01]} Be7 {[%emt 0:00:01]} 7. Bd3 {[%emt 0:00:02]} O-O {[%emt 0:00:
18]} 8. O-O {[%emt 0:00:02]} b6 {[%emt 0:00:03]} 9. Be3 {[%emt 0:00:01]} Bg4 {
[%emt 0:03:25]} 10. Nbd2 {[%emt 0:00:05]} bxc5 {[%emt 0:00:10]} 11. dxc5 {
[%emt 0:00:04]} Nc6 {[%emt 0:01:34]} 12. Qa4 {[%emt 0:00:32]} Bd7 {[%emt 0:00:
03]} 13. Bb5 {[%emt 0:01:12]} Qe8 {[%emt 0:00:14]} 14. Rfe1 {[%emt 0:01:04]}
Nb8 {[%emt 0:03:19]} 15. Bxd7 {[%emt 0:00:36]} Qxd7 {[%emt 0:00:02]} 16. Qxd7 {
[%emt 0:00:37]} Nfxd7 {[%emt 0:00:28]} 17. Rac1 {[%emt 0:01:34]} Nc6 {[%emt 0:
00:23]} 18. Nd4 {[%emt 0:01:05]} Nde5 {[%emt 0:00:50]} 19. Nxc6 {[%emt 0:00:49]
} Nxc6 {[%emt 0:00:02]} 20. Bf4 {[%emt 0:00:13]} Bf6 {[%emt 0:00:16]} 21. b3 {
[%emt 0:00:38]} Nb4 {[%emt 0:00:32]} 22. Bxc7 {[%emt 0:01:40]} Nd3 {[%emt 0:00:
06]} 23. Nf3 {[%emt 0:00:34]} Nxe1 {[%emt 0:01:08]} 24. Nxe1 {[%emt 0:01:07]}
Rac8 {[%emt 0:00:05]} 25. Bd6 {[%emt 0:00:06]} Rfe8 {[%emt 0:00:10]} 26. Kf1 {
[%emt 0:00:23]} Be7 {[%emt 0:00:16]} 27. Bxe7 {[%emt 0:00:13]} Rxe7 {[%emt 0:
00:01]} 28. b4 {[%emt 0:00:08]} Re4 {[%emt 0:00:17]} 29. Nd3 {[%emt 0:00:40]}
Kf8 {[%emt 0:00:15]} 30. Rc3 {[%emt 0:00:53]} Ke7 {[%emt 0:00:38]} 31. Ra3 {
[%emt 0:00:04]} Rc7 {[%emt 0:00:02]} 32. b5 {[%emt 0:00:27]} Rb7 {[%emt 0:00:
39]} 33. Ra5 {[%emt 0:00:13]} Kd8 {[%emt 0:00:22]} 34. a4 {[%emt 0:01:13]} f6 {
[%emt 0:00:16]} 35. g3 {[%emt 0:00:11]} Rc4 {[%emt 0:00:22]} 36. c6 {[%emt 0:
00:26]} Re7 {[%emt 0:00:09]} 37. Nf4 {[%emt 0:00:26]} Rc5 {[%emt 0:00:25]} 38.
Ra6 {[%emt 0:00:13]} d4 {[%emt 0:00:07]} 39. Kg2 {[%emt 0:00:09]} g5 {[%emt 0:
00:09]} 40. Nd3 {[%emt 0:00:05]} Rc3 {[%emt 0:00:01]} 41. Nb4 {[%emt 0:00:05]}
Rc4 {[%emt 0:00:39]} 42. Nd5 {[%emt 0:00:04]} Re5 {[%emt 0:00:06]} 43. b6 {
[%emt 0:00:13]} Rxc6 {[%emt 0:00:10]} 44. b7 {[%emt 0:00:03]} Rc8 {[%emt 0:00:
03]} 45. Rd6+ {[%emt 0:00:11]} 1-0

[Event "Turning Torso Chess Event 2021"]
[Site "Malmoe"]
[Date "2021.08.21"]
[Round "8.5"]
[White "Hellers, Ferdinand"]
[Black "Schussler, Harry"]
[Result "1/2-1/2"]
[WhiteElo "2592"]
[BlackElo "2410"]
[Annotator "TA"]
[PlyCount "40"]
[EventDate "2021.08.20"]
[EventType "tourn"]
[EventCountry "SWE"]
[SourceTitle "playchess.com"]
[Source "ChessBase"]
[SourceQuality "1"]

{[%evp 20,40,27,24,48,55,58,46,62,22,27,24,82,80,72,56,60,59,56,49,49,49,49]}
1. e4 e5 2. Nf3 Nf6 3. Nxe5 d6 4. Nf3 Nxe4 5. Nc3 Nxc3 6. dxc3 Be7 7. Be3 O-O
8. Qd2 Nd7 9. O-O-O Ne5 {9...c6 is setting a new trend.} 10. Nxe5 dxe5 11. Bd3
Bg4 {C42: Petroff Defence: 3 Nxe5 and unusual White 3rd moves.} 12. f3 Be6 {[#]
} 13. Qe2 $146 {[#] Strongly threatening Bxh7+!} ({Predecessor:} 13. g4 c6 14.
c4 Qc7 15. Rhg1 Rfd8 16. Qc3 Rd7 17. h4 Bf8 18. g5 g6 19. h5 {1-0 (31)
Patroclo,A (2132)-Dornelles,M (1953) Porto Alegre 2012}) 13... Qe8 14. Bc4 Bxc4
15. Qxc4 Qc6 (15... Bd6 $11 {keeps the balance.}) 16. Qxc6 $16 bxc6 17. Rd2 a6
{White is slightly better.} 18. Rhd1 Rfd8 19. Rxd8+ Rxd8 20. Rxd8+ Bxd8 {
Weighted Error Value: White=0.09/Black=0.20} 1/2-1/2

[Event "Turning Torso Chess Event 2021"]
[Site "Malmoe"]
[Date "2021.08.21"]
[Round "2.4"]
[White "Schussler, Harry"]
[Black "Grandelius, Nils"]
[Result "0-1"]
[WhiteElo "2410"]
[BlackElo "2666"]
[Annotator "TA"]
[PlyCount "77"]
[EventDate "2021.08.20"]
[EventType "tourn"]
[EventCountry "SWE"]
[SourceTitle "playchess.com"]
[Source "ChessBase"]
[SourceQuality "1"]

{[%evp 19,77,0,0,0,0,0,0,0,0,-6,0,0,0,0,0,0,10,2,52,37,46,46,39,-25,-18,-52,
-65,-73,-75,-91,-69,-102,-113,-120,-101,-139,-135,-133,-129,-162,-160,-137,
-111,-111,-66,-172,-166,-269,-254,-306,-250,-449,-441,-397,-337,-542,-534,-527,
-442,-423]} 1. d4 Nf6 2. Nf3 g6 3. Bf4 Bg7 4. e3 d6 5. h3 O-O 6. Be2 b6 7. O-O
Bb7 8. c4 Nbd7 9. Nc3 Ne4 10. Nxe4 Bxe4 11. Nd2 {E61: King's Indian: Early
deviations for White, including Smyslov System.} Bb7 12. Bf3 Bxf3 {12...Qc8 is
more fashionable.} 13. Nxf3 {The position is equal.} e5 14. Bg3 Qe7 15. Qc2 {
[#]} Rae8 $146 ({Predecessor:} 15... a5 16. Rad1 e4 17. Nd2 f5 18. Qb3 Kh8 19.
Qb5 g5 20. Rfe1 Qf7 21. b3 f4 22. exf4 gxf4 23. Bxf4 Qxf4 24. Qxd7 Qxf2+ {
0-1 (31) Khalifah,K (1729)-Dimitrijevic,N (2177) Paracin 2020}) 16. Qa4 a5 17.
Qc6 Nb8 18. Qb7 h6 19. c5 bxc5 20. dxe5 dxe5 21. e4 (21. Rfd1 $14) 21... f5 $11
22. Rfd1 f4 $1 {[%cal Rf4g3]} 23. Bh2 Rf6 24. Rac1 Nc6 25. b3 Bf8 26. Qb5 Qf7
27. Qc4 Qxc4 28. Rxc4 Rd6 29. Rdc1 Red8 30. Kf1 R6d7 31. Bg1 Kf7 32. Ke2 (32.
Ne1 $1 $15) 32... Ke6 33. a3 (33. g3 {was worth a try.}) 33... g5 $19 34. R4c2
Be7 35. g4 $2 {[#]} (35. Rb2 {is a better defense.}) 35... Rb8 36. Rc3 Rdd8 37.
R1c2 $2 (37. Nd2 Nd4+ 38. Kf1) 37... Rb6 38. Rc1 Rdb8 39. b4 {Weighted Error
Value: White=0.35/Black=0.11} 0-1